000 00444nam a2200181 a 4500
001 10924
003 CO-ViMGA
008 141112s2004 ck r 000 u spa d
040 _aCO-ViMGA
_bspa
_cCO-ViMGA
082 0 4 _aCo863.6 C78c
100 1 _aCruz Kronfly, Fernando
_97934
245 1 0 _aFalleba
250 _a1
260 _aBogotá,
_cEd. La Oveja Negra,
_c1979
300 _a176 p.
650 1 4 _aNOVELA COLOMBIANA
_91193
942 _2ddc
_cBK
999 _c22143
_d22143